Loading...
| MB | 1 | 6 | 1 | 0 | 70 | 47 | 92.57 | 1 | 3 | 0.00 | 0.00 |
| RC | 0 | 3 | 2 | 0 | 20 | 93 | 116.33 | 0 | 2 | 0.00 | 0.00 |
| MV | 0 | 1 | 0 | 0 | 10 | 85 | 85.00 | 0 | 1 | 0.00 | 0.00 |
| AW | 0 | 1 | 0 | 0 | 10 | 104 | 104.00 | 0 | 0 | 0.00 | 0.00 |
| RR | 0 | 1 | 0 | 0 | 10 | 101 | 101.00 | 0 | 0 | 0.00 | 0.00 |
| AG | 0 | 1 | 2 | 0 | 0 | 91 | 91.00 | 0 | 1 | 0.00 | 0.00 |
| 0 | 0 | 1 | 0 | -5 | 0.00 | 0 | 0 | 0.00 | 0.00 |
| MB | Orhan Pamuk | 15 | 47 |
| AG | golden hair | -5 | 47 |
| RC | Eleanor Catton | -5 | 67 |
| MB | Junichiro Tanizaki | 10 | 72 |
| MB | Gretchen | 10 | 77 |
| brothers of Jesus Christ | -5 | 78 | |
| MV | Song of Solomon | 10 | 85 |
| AG | Octavio Paz | 10 | 91 |
| MB | spleen | -5 | 93 |
| RC | Clifford Odets | 10 | 93 |